000
00239nam a2200097Ia 4500
008
240625s9999 xx 000 0 und d
041
_a
eng
082
_a
808.20 DUB
100
_a
DUBEY UTSAV
245
_a
COMPARATIVE ANALYSIS OF TRADE AND FOREX
999
_c
37465
_d
37465